00476nam a2200193 a 4500001001300000003000900013005001700022008004100039020001000080082001300090100001700103245002200120260003900142300000900181500003500190505002000225650002000245700001700265nice12345678IN_TiNIC20260116015139.0050524s1966 newa grp 000 0 eng  ac10000a823bBLE aBleiler, E F aCastle of Otranto aNew YorkbDovor Publicationsc1966 a291p aincludes index and biblioraphy2 aAnnoyated Index aEnglish-Fiction1 aBleiler, E F